Bài toán tô màu đồ thị và ứng dụng

Đồ thị, đỉnh, cạnh, cung, xích, chu trình và đường cong, đồ thị liên thông, biểu diễn hình học của đồ thị. Đồ thị tô màu và ứng dụng

Sparad:
Bibliografiska uppgifter
Huvudupphovsman: Ngô Thị Thanh Thủy (Tác giả)
Övriga upphovsmän: Đặng Huy Ruận GS.TS. (Người hướng dẫn)
Materialtyp: Bok
Språk:Vietnamese
Publicerad: Đà Nẵng ĐH Đà Nẵng 2009
Ämnen:
Taggar: Lägg till en tagg
Inga taggar, Lägg till första taggen!
Thư viện lưu trữ: Mạng thư viện Đại học Đà Nẵng
LEADER 01441nam a2200349 4500
001 000010330
003 6532
005 20111212151254.0
008 111212s2009 viesd
041 |a vie 
082 |a 511  |b NG-T 
100 |a Ngô Thị Thanh Thủy  |e Tác giả 
245 |a Bài toán tô màu đồ thị và ứng dụng  |c Ngô Thị Thanh Thủy 
260 |a Đà Nẵng  |b ĐH Đà Nẵng  |c 2009 
300 |a 72 tr  |c 29 cm  |e 1 tóm tắt 
500 |a Luận văn Thạc sĩ Khoa học. Chuyên ngành: Phương pháp toán sơ cấp. Mã số: 60.46.40 
520 |a Đồ thị, đỉnh, cạnh, cung, xích, chu trình và đường cong, đồ thị liên thông, biểu diễn hình học của đồ thị. Đồ thị tô màu và ứng dụng 
653 |a Luận văn 
653 |a Thạc sĩ Khoa học 
653 |a Toán sơ cấp 
653 |a Tô màu đồ thị 
700 |a Đặng Huy Ruận  |c GS.TS.  |e Người hướng dẫn 
OWN |a LSP 
AVA |a UDN50  |b LSP  |d 511 NG-T  |e available  |t Error 5001 Not defined in file expand_doc_bib_avail.  |f 1  |g 0  |h N  |i 0  |k 1 
999 |a From the UDN01 
AVA |a UDN50  |b LSP  |d 511 NG-T  |e available  |t Error 5001 Not defined in file expand_doc_bib_avail.  |f 1  |g 0  |h N  |i 0  |k 1 
TYP |a Monograph 
TYP |a Printed language 
980 |a Mạng thư viện Đại học Đà Nẵng